1046 1029 1482 1992 1874 1274 1227 1012 1980 1524 1725 1646 1568 1732 1171 1510 1375 1034 1830 1555 1871 1315 1857 1434 1411 1719 1161 1917 1850 1060 1104 1238 1110 1338 1298 1644 1723 1266 1287 1416 1659 1835 1500 1549 1400 1370 1179 1985 1881 1230 1216 1347 1833 1519 1314 1819 1069 1792 1404 1919 1950 1309 1897 1420 1617 1956 1524 1772 1916 1477 1225 1202 1950 1864 1335 1158 1069 1415 1762 1744 1485 1211 1001 1365 1274 1147 1138 1793 1343 1441 1438 1964 1066 1474 1213 1205 1917 1707 1400 BCNSPRNW ULIB Ver.6.0+V

เปลี่ยนเป็นภาษาไทย

Change to English
 แสดงรายละเอียดบรรณานุกรม
  กลับหน้าหลัก

Brief Record : Get Marc (ISO 2709) : E-mail record : QR code < ปิดหน้าต่าง
LEADER : 00000nam 2200000uu 4500
001    13399113512
003     ULIB
008    110824s2552||||th 000 0 tha d
020    9786117057106
090    นว.^bน574ก
100 0  นิตย์ ระวี
245 00 กรุ่นไอพิศวาส/^cนิตย์ ระวี
250    พิมพ์ครั้งที่ 1
260    กรุงเทพฯ :^bSimpy Book,^c2552
300    268 หน้า
710 1  Simpy Book
945    ^p195^l0^i026024
995    ทศพร
999     ^aใช้งานได้ทุกระบบ
รายการนี้ยังไม่มีแท็ก
คุณยังไม่ได้ล็อกอิน คุณสามารถมีกิจกรรมร่วมกับเว็บไซต์ได้ แต่ต้องล็อกอินก่อน ::
  ล็อกอิน

รายการสื่อสารสนเทศ

ลำดับที่ ประเภท เลขเรียก/บาร์โค้ด สถานที่ สถานะ
1. นวนิยาย
นวนิยาย
นว. น574ก ฉ.1 
  Barcode: 026024
ห้องสมุดวิทยาเขตสวรรค์ประชารักษ์
►นวนิยาย
บนชั้น
  ขอยืม

BibComment


ยังไม่เคยถูกคอมเมนท์

คอมเมนท์ทรัพยากรรายการนี้
  คอมเมนท์: กรุ่นไอพิศวาส นิต..


 Copyright 2026. Bcnsprnw @Library